[Event "European Rapid 2022"]
[Site "Katowice POL"]
[Date "2022.12.17"]
[Round "4.2"]
[White "Ondozi, Murtez"]
[Black "Grandelius, Nils"]
[Result "1/2-1/2"]
[WhiteTitle "FM"]
[BlackTitle "GM"]
[WhiteElo "2406"]
[BlackElo "2660"]
[WhiteFideId "937576"]
[BlackFideId "1710400"]
[EventDate "2022.12.17"]

1. d4 d5 2. c4 c6 3. e3 Nf6 4. Nc3 Bf5 5. Qb3 Qb6 6. cxd5 Qxb3 7. axb3 Nxd5 8.
Nxd5 cxd5 9. Bd2 Nc6 10. Nf3 Bd7 11. Bb5 e6 12. O-O Bd6 13. Rfc1 Ke7 14. Rc2
Rhc8 15. Rac1 a6 16. Bxc6 Rxc6 17. Rxc6 Bxc6 18. Ne5 Bb5 19. Ba5 f6 20. Nf3 Kd7
21. Nd2 Rc8 22. Rxc8 Kxc8 23. f4 Kd7 24. Kf2 Bd3 25. Ke1 Kc6 26. Kd1 b6 27. Bc3
a5 28. g3 Kb5 29. Kc1 Ka6 30. Nf3 b5 31. Be1 b4 32. Nd2 Kb5 33. Bf2 Kc6 34. Nf3
Be4 35. Nd2 Bg2 36. Kc2 Kd7 37. Kd3 Bh3 38. Ke2 Bg4+ 39. Kd3 Bf5+ 40. Ke2 Bc2
41. h3 e5 42. fxe5 fxe5 43. g4 e4 44. Kf1 Be7 45. Bg3 Bg5 46. Kf2 g6 47. Be5 h5
48. gxh5 gxh5 49. Bg3 Bd8 50. Bf4 Ke6 51. Bg3 Kf5 52. Bd6 Bd3 53. Kg2 Bb5 54.
Bf4 Bd7 55. Nf1 Kg6 56. Nd2 Bh4 57. Nf1 Bb5 58. Bc7 Bg5 59. Bxa5 Bxf1+ 60. Kxf1
Bxe3 61. Bb6 Kg5 62. Ke2 Bc1 63. Bd8+ Kf5 64. Be7 Bxb2 65. Ke3 Bc3 66. Bd6 Ke6
67. Bc5 Kd7 68. Ke2 Kc6 69. Ke3 Kb5 70. Be7 Be1 71. Bd6 Bh4 72. Ke2 Bg5 73. Bf8
Bf4 74. Be7 Bh2 75. Kf2 Bc7 76. Bf8 Bf4 77. Ke2 Bc1 78. Be7 Bb2 79. Ke3 Bc3 80.
Bf8 Kc6 81. Be7 Kd7 82. Bc5 Ke6 83. Bf8 Kf6 84. Bd6 Kg5 85. Be7+ Kf5 86. Bd6 Kf6
87. Bc5 Ke6 88. Bf8 Kd7 89. Bc5 Kc6 90. Be7 Kb5 91. Bd6 Bb2 92. Be7 Ba3 93. Bd6
Kc6 94. Bf8 Kd7 95. Bc5 Ke6 96. Bf8 Kf5 97. Bd6 Kg5 98. Be7+ Kg6 99. Bc5 Kf5
100. Be7 Bc1+ 101. Ke2 Bb2 102. Ke3 Bc1+ 103. Ke2 Bb2 1/2-1/2

[Event "European Rapid 2022"]
[Site "Katowice POL"]
[Date "2022.12.17"]
[Round "4.4"]
[White "Piesik, Piotr"]
[Black "Svane, Rasmus"]
[Result "0-1"]
[WhiteTitle "IM"]
[BlackTitle "GM"]
[WhiteElo "2420"]
[BlackElo "2622"]
[WhiteFideId "1136194"]
[BlackFideId "4657101"]
[EventDate "2022.12.17"]

1. Nf3 d5 2. g3 g6 3. Bg2 Bg7 4. d4 c6 5. O-O Nf6 6. Nbd2 O-O 7. c4 a5 8. Ne5 a4
9. Ndf3 Bf5 10. Be3 Nbd7 11. Rc1 Qb6 12. Nxd7 Bxd7 13. Ne5 Be6 14. Qd2 Rfd8 15.
c5 Qb5 16. f3 Re8 17. g4 Nd7 18. Nd3 f6 19. Bf2 Bf7 20. f4 e5 21. f5 gxf5 22.
gxf5 Kh8 23. Kh1 Qa5 24. Nb4 Re7 25. e4 dxe4 26. Bxe4 Rae8 27. Bg2 exd4 28. Qxd4
Ne5 29. Rc3 Qd8 30. Qh4 Qd2 31. Rh3 Bg8 32. Be3 Qxb2 33. Rg3 Bc4 34. Rg1 Qxb4
35. Rh3 Bf8 36. Qxf6+ Rg7 37. Be4 Bd5 38. Bxd5 cxd5 39. Rh4 Qc3 40. Rxg7 Bxg7
41. Qg5 Qe1+ 42. Kg2 Qe2+ 43. Bf2 Nd3 44. Rg4 Qxf2+ 45. Kh3 Re3+ 0-1

[Event "European Rapid 2022"]
[Site "Katowice POL"]
[Date "2022.12.17"]
[Round "4.5"]
[White "Lagarde, Maxime"]
[Black "Klenburg, Michael"]
[Result "1-0"]
[WhiteTitle "GM"]
[BlackTitle "IM"]
[WhiteElo "2584"]
[BlackElo "2347"]
[WhiteFideId "662399"]
[BlackFideId "14102072"]
[EventDate "2022.12.17"]

1. e4 d6 2. d4 Nf6 3. Nc3 e5 4. Nf3 Nbd7 5. Rg1 c6 6. g4 g6 7. g5 Nh5 8. Be3 Qc7
9. Qd2 b5 10. O-O-O Be7 11. Ne2 O-O 12. Ng3 Nxg3 13. hxg3 Nb6 14. Rh1 Be6 15.
Bd3 Nc4 16. Bxc4 bxc4 17. dxe5 dxe5 18. Qc3 f6 19. Rh2 a5 20. gxf6 Bxf6 21. Ng5
Bxg5 22. Bxg5 Rf7 23. f4 a4 24. a3 Re8 25. Rhd2 Bg4 26. Rd8 Rxd8 27. Rxd8+ Kg7
28. Kb1 Be6 29. Rd1 h6 30. Bd8 Qb8 31. fxe5 Kh7 32. Bf6 Rf8 33. Qd2 Bg4 34. Rh1
h5 35. Qc3 Be6 36. Rd1 Qb6 37. Rd6 Re8 38. Rxe6 Rxe6 39. Qxc4 c5 40. Qxa4 Qb7
41. Qc4 Qc6 42. Qd5 Kg8 43. Qc4 Kf7 44. a4 Qb6 45. b3 Qc6 46. a5 Ke8 47. a6 Qxa6
48. Qxc5 Qb7 49. Qa5 Qc6 50. Kb2 Qb6 51. Qa8+ Kd7 52. Qd5+ Kc8 53. Qc4+ Qc6 54.
Qxc6+ Rxc6 55. c4 Kd7 56. Kc3 Ke6 57. b4 Ra6 58. Kb3 Ra1 59. b5 Rg1 60. c5 Rxg3+
61. Kb4 g5 62. c6 Rg1 63. b6 h4 64. c7 Rb1+ 65. Ka5 Kd7 66. e6+ Kc8 67. e7 1-0

[Event "European Rapid 2022"]
[Site "Katowice POL"]
[Date "2022.12.17"]
[Round "4.6"]
[White "Kuzmicz, Krystian"]
[Black "Hovhannisyan, Robert"]
[Result "1/2-1/2"]
[WhiteTitle "IM"]
[BlackTitle "GM"]
[WhiteElo "2466"]
[BlackElo "2597"]
[WhiteFideId "1119125"]
[BlackFideId "13302507"]
[EventDate "2022.12.17"]

1. e4 e5 2. Nf3 Nc6 3. Nc3 Nf6 4. Bb5 Bd6 5. O-O O-O 6. d3 h6 7. h3 a6 8. Ba4
Re8 9. a3 Bf8 10. Ne2 d6 11. Bxc6 bxc6 12. Ng3 c5 13. b3 g6 14. Bb2 a5 15. a4
Nd7 16. Nd2 Bg7 17. f4 Qh4 18. Ne2 Qe7 19. Nc4 Nb6 20. Ne3 Bb7 21. fxe5 dxe5 22.
Qe1 Ra6 23. Bc3 Rea8 24. Qf2 Bc8 25. Qf3 Bd7 26. Rf2 Rf8 27. Qg3 Qg5 28. Raf1
Qxg3 29. Nxg3 Be6 30. Bd2 h5 31. Ne2 Nc8 32. Nc3 Ne7 33. Nb5 Rc8 34. Nc4 Nc6 35.
Bg5 f5 36. exf5 gxf5 37. Re1 f4 38. Nd2 Nd4 39. Ne4 Bf5 40. Nxc5 Rc6 41. Nxd4
exd4 42. Ne4 Rg6 43. h4 Bg4 44. Rxf4 Be5 45. Nf6+ Rxf6 46. Rxf6 Bxf6 47. Bxf6 c5
48. Re7 Bd1 49. Rg7+ Kf8 50. Rh7 Rc6 51. Bg5 Kg8 52. Ra7 Bxc2 53. Rxa5 Bxd3 54.
Be7 Bc2 55. Rxc5 Rxc5 56. Bxc5 Bxb3 57. a5 d3 58. Be3 Kf7 59. a6 Ke6 60. a7 Bd5
61. Kf2 Be4 62. g3 Kd7 63. Bd4 Kc8 64. Ke3 Kb7 65. Kd2 Bf5 66. Be3 Ka8 67. Kc3 1/2-1/2

[Event "European Rapid 2022"]
[Site "Katowice POL"]
[Date "2022.12.17"]
[Round "4.7"]
[White "Fridman, Daniel"]
[Black "Samunenkov, Ihor"]
[Result "1-0"]
[WhiteTitle "GM"]
[BlackTitle "IM"]
[WhiteElo "2602"]
[BlackElo "2488"]
[WhiteFideId "11600454"]
[BlackFideId "14187086"]
[EventDate "2022.12.17"]

1. Nf3 Nf6 2. g3 c5 3. Bg2 Nc6 4. c4 d5 5. cxd5 Nxd5 6. Nc3 Nxc3 7. bxc3 e5 8.
d3 Be7 9. O-O O-O 10. Rb1 Qc7 11. Bg5 Be6 12. Bxe7 Qxe7 13. Qa4 Rac8 14. Nd2
Rfd8 15. Qb5 Rc7 16. Ne4 Bxa2 17. Rb2 Bd5 18. Qxc5 Qxc5 19. Nxc5 Bxg2 20. Kxg2
b6 21. Na6 Rcc8 22. Ra1 Rd7 23. c4 h5 24. c5 bxc5 25. Nxc5 Rd5 26. Ne4 Rdd8 27.
Ra6 f6 28. Rb7 Rd5 29. h4 Kh8 30. f3 Kg8 31. g4 hxg4 32. fxg4 Ra5 33. Rxa5 Nxa5
34. Rxa7 Nc6 35. Ra2 Nd4 36. Ng3 Rc1 37. Kf2 Kh7 38. Rb2 Kh8 39. e3 Ne6 40. Nf5
Nc5 41. Rb8+ Kh7 42. d4 Rc2+ 43. Kf3 exd4 44. exd4 Rc3+ 45. Ke2 Ne6 46. Rb7 Kh8
47. Kd2 Rc4 48. Rd7 g6 49. Kd3 Ra4 50. Ne7 Kh7 51. Nd5+ Kh6 52. Nxf6 g5 53. Ng8+ 1-0

[Event "European Rapid 2022"]
[Site "Katowice POL"]
[Date "2022.12.17"]
[Round "4.8"]
[White "Gunnarsson, Arnar"]
[Black "Santos Latasa, Jaime"]
[Result "0-1"]
[WhiteTitle "IM"]
[BlackTitle "GM"]
[WhiteElo "2406"]
[BlackElo "2668"]
[WhiteFideId "2300915"]
[BlackFideId "2293307"]
[EventDate "2022.12.17"]

1. c4 e6 2. Nf3 d5 3. g3 dxc4 4. Qa4+ Nd7 5. Qxc4 a6 6. Bg2 b5 7. Qc2 Bb7 8. O-O
Ngf6 9. b3 c5 10. Bb2 Be7 11. d3 O-O 12. Nbd2 Rc8 13. Rac1 Nd5 14. Qb1 Bf6 15.
d4 cxd4 16. Nxd4 Qb6 17. Qa1 Nc5 18. Rfd1 Rfd8 19. N4f3 Bxb2 20. Qxb2 h6 21. h3
a5 22. Ne5 Qa7 23. Ne4 Nxe4 24. Bxe4 b4 25. Bxd5 Bxd5 26. Nd3 Rxc1 27. Rxc1 Be4
28. Nc5 Qxc5 0-1

[Event "European Rapid 2022"]
[Site "Katowice POL"]
[Date "2022.12.17"]
[Round "4.9"]
[White "Deac, Bogdan-Daniel"]
[Black "Hunt, Harriet V"]
[Result "1-0"]
[WhiteTitle "GM"]
[BlackTitle "IM"]
[WhiteElo "2700"]
[BlackElo "2348"]
[WhiteFideId "1226380"]
[BlackFideId "403512"]
[EventDate "2022.12.17"]

1. c4 e5 2. d3 Nc6 3. a3 d6 4. b4 a6 5. Bb2 Be6 6. Nf3 Nf6 7. Nbd2 Bg4 8. h3 Bh5
9. g3 Be7 10. Bg2 O-O 11. O-O Re8 12. Qb3 Qd7 13. e3 Bf8 14. Rac1 Rac8 15. Rfe1
Nd8 16. g4 Bg6 17. Nh4 Qe7 18. f4 Nd7 19. Ndf3 Bxd3 20. Qxd3 e4 21. Qf1 exf3 22.
Nf5 Qe6 23. Bxf3 Nb6 24. Qg2 c6 25. c5 dxc5 26. bxc5 Na4 27. Bd4 Qb3 28. Bd1
Qxa3 29. Ra1 Qxa1 30. Bxa1 Nxc5 31. Bc2 Nde6 32. Qd2 Red8 33. Qc3 b5 34. Nh6+ 1-0

[Event "European Rapid 2022"]
[Site "Katowice POL"]
[Date "2022.12.17"]
[Round "4.10"]
[White "Paehtz, Elisabeth"]
[Black "Donchenko, Alexander"]
[Result "1-0"]
[WhiteTitle "GM"]
[BlackTitle "GM"]
[WhiteElo "2464"]
[BlackElo "2636"]
[WhiteFideId "4641833"]
[BlackFideId "24603295"]
[EventDate "2022.12.17"]

1. d4 Nf6 2. Nf3 g6 3. Bg5 Bg7 4. Nbd2 d5 5. e3 O-O 6. c3 c5 7. Be2 Qb6 8. Qb3
Nc6 9. O-O Rd8 10. Qa3 cxd4 11. exd4 Bf5 12. Rfe1 h6 13. Bf4 g5 14. Be3 Qc7 15.
Nf1 a6 16. Ng3 Bg6 17. Bf1 e6 18. Qb3 Nh5 19. Nxh5 Bxh5 20. Be2 Na5 21. Qd1 Nc4
22. Bc1 b5 23. h4 f6 24. hxg5 hxg5 25. Nd2 Bxe2 26. Qxe2 Re8 27. Nb3 Qf7 28. Be3
Qg6 29. Nc5 Bf8 30. Nd3 Ra7 31. g3 Rh7 32. Rad1 Ree7 33. Qg4 Rh8 34. Bc1 Nd6 35.
Rxe6 Reh7 36. Kg2 Rh2+ 37. Kf3 Ne4 38. Be3 Qh7 39. Rxe4 dxe4+ 40. Qxe4 Qh3 41.
Qg6+ Bg7 42. Nc5 Qg2+ 43. Ke2 Qxg3 44. Qe8+ Kh7 45. Qe4+ Kh6 46. Ne6 Qh3 47. Rg1
Qh5+ 48. Kd2 Qg6 49. Qg4 b4 50. c4 Kh7 51. Qg3 Kg8 52. Qb8+ Kf7 53. Nd8+ Rxd8
54. Qxd8 Rh4 55. Qd5+ Kf8 56. c5 Qe8 57. c6 Qc8 58. Rc1 Rh7 59. Qd6+ Kg8 60. c7
Rh8 61. Qd8+ Kf7 62. Qd5+ Kg6 63. Qe4+ Kf7 64. Rc6 b3 65. axb3 Re8 66. Qd5+ Kf8
67. Qc5+ Kg8 68. Qc4+ Kh8 69. d5 f5 70. Re6 Rf8 71. Bd4 Rf7 72. d6 Kh7 73. Bxg7
Rxg7 74. Re7 Rxe7 75. dxe7 Qd7+ 76. Kc2 1-0

[Event "European Rapid 2022"]
[Site "Katowice POL"]
[Date "2022.12.17"]
[Round "4.11"]
[White "Sargsyan, Shant"]
[Black "Plichta, Kamil"]
[Result "1-0"]
[WhiteTitle "GM"]
[BlackTitle "FM"]
[WhiteElo "2645"]
[BlackElo "2394"]
[WhiteFideId "13306766"]
[BlackFideId "1141830"]
[EventDate "2022.12.17"]

1. d4 Nf6 2. c4 e5 3. dxe5 Ng4 4. Bf4 Nc6 5. Nf3 Bb4+ 6. Nbd2 Qe7 7. a3 Ngxe5 8.
Nxe5 Nxe5 9. e3 Bc5 10. Be2 d6 11. O-O a5 12. Nb3 Bb6 13. Nd4 O-O 14. b4 axb4
15. axb4 Rxa1 16. Qxa1 g5 17. Bg3 f5 18. Nf3 f4 19. exf4 gxf4 20. Bh4 Nxf3+ 21.
Bxf3 Qxh4 22. Bd5+ Rf7 23. c5 dxc5 24. Qe5 Bd7 25. Ra1 c6 26. Ra8+ Bd8 27. g3 1-0

[Event "European Rapid 2022"]
[Site "Katowice POL"]
[Date "2022.12.17"]
[Round "4.12"]
[White "Gretarsson, Helgi Ass"]
[Black "Azarov, Sergei"]
[Result "1/2-1/2"]
[WhiteTitle "GM"]
[BlackTitle "GM"]
[WhiteElo "2451"]
[BlackElo "2562"]
[WhiteFideId "2300699"]
[BlackFideId "13501470"]
[EventDate "2022.12.17"]

1. c4 e6 2. Nf3 Nf6 3. b3 d5 4. Bb2 Be7 5. e3 O-O 6. Nc3 dxc4 7. Bxc4 a6 8. d4
b5 9. Bd3 Bb7 10. a4 b4 11. Ne2 Nbd7 12. O-O c5 13. Nd2 cxd4 14. Nxd4 Nc5 15.
Be2 Nd5 16. Nc4 Bf6 17. Qc2 Rc8 18. a5 Qe7 19. Rfd1 Rc7 20. g3 g6 21. e4 Nc3 22.
e5 Nxe2+ 23. Qxe2 Bg7 24. Qe3 Nxb3 25. Qxb3 Bd5 26. Nc2 Bxc4 27. Qxb4 Qxb4 28.
Nxb4 Rb8 29. Ba3 Bxe5 30. Rac1 Bb5 31. f4 Rxc1 32. Rxc1 Bd6 33. Nc2 Bxa3 34.
Nxa3 Bd3 35. Rc3 Be4 36. Kf2 Bd5 37. Ke3 Rb4 38. Nc2 Rb5 39. Ra3 h5 40. Kd4 Rb2
41. Kc3 Rb1 42. Nb4 Bb7 43. Nd3 Bc6 44. Ra2 Kg7 45. Ne5 Bd5 46. Rc2 f6 47. Nd7
Kf7 48. Kd4 Ke7 49. Nb6 Rb4+ 50. Ke3 Rb5 51. Rc7+ Kd6 52. Rg7 Rxa5 53. Rxg6 f5
54. Rh6 Rb5 55. Nxd5 Kxd5 56. Rxh5 Rb3+ 57. Kd2 a5 58. Rh8 a4 59. Ra8 a3 60. Kc2
Rb2+ 61. Kd3 a2 62. Ra5+ Kd6 63. h4 Rg2 64. Kd4 Ke7 65. h5 Kf6 66. h6 Kg6 67.
Ra6 Kxh6 68. Rxe6+ Kh5 69. Ra6 Kg4 70. Ke5 Rb2 71. Ra3 Rb5+ 72. Kf6 Rb6+ 73. Ke5
Rb2 74. Kf6 Rg2 75. Ke5 Re2+ 76. Kf6 Rb2 77. Ke5 Rc2 78. Kf6 Rc6+ 79. Ke5 Rc5+
80. Kf6 Rc2 81. Ke5 Rb2 82. Kf6 Rg2 83. Ke5 Rxg3 84. Rxa2 Re3+ 85. Kf6 Rf3 86.
Ke5 Re3+ 87. Kf6 Rb3 88. Ra4 Rf3 89. Ke5 Re3+ 90. Kd5 Re8 91. Rb4 Kf3 92. Ra4
Kg4 93. Rb4 Re1 94. Ra4 1/2-1/2

[Event "European Rapid 2022"]
[Site "Katowice POL"]
[Date "2022.12.17"]
[Round "4.13"]
[White "Alexakis, Dimitris"]
[Black "Saric, Ante"]
[Result "1-0"]
[WhiteTitle "IM"]
[BlackTitle "GM"]
[WhiteElo "2486"]
[BlackElo "2504"]
[WhiteFideId "4277023"]
[BlackFideId "14506254"]
[EventDate "2022.12.17"]

1. e4 d5 2. exd5 Nf6 3. Bb5+ Bd7 4. Be2 Nxd5 5. d4 e6 6. Nf3 c5 7. c4 Nf6 8. Nc3
cxd4 9. Nxd4 Nc6 10. Be3 Bb4 11. Nb5 O-O 12. a3 Be7 13. O-O a6 14. Nd6 Qc7 15.
c5 Rad8 16. Qb3 Na5 17. Qc2 b6 18. Nde4 Nxe4 19. cxb6 Qb7 20. Nxe4 Bc6 21. Bf3
Rc8 22. Rac1 f5 23. Nc5 Bxf3 24. Nxb7 Rxc2 25. Nxa5 Rxc1 26. Rxc1 Bd5 27. b7 Bd6
28. Rc8 Kf7 29. Rxf8+ Kxf8 30. Bc5 1-0

[Event "European Rapid 2022"]
[Site "Katowice POL"]
[Date "2022.12.17"]
[Round "4.14"]
[White "Kosteniuk, Alexandra"]
[Black "Kozak, Antoni"]
[Result "1-0"]
[WhiteTitle "GM"]
[WhiteElo "2520"]
[BlackElo "2422"]
[WhiteFideId "4128125"]
[BlackFideId "21832030"]
[EventDate "2022.12.17"]

1. e4 c5 2. c3 e5 3. Nf3 Nc6 4. Bc4 Nf6 5. Ng5 d5 6. exd5 Nxd5 7. Qh5 g6 8. Qf3
Qxg5 9. Bxd5 Nd8 10. O-O Bg7 11. d4 Qe7 12. Re1 O-O 13. dxe5 Nc6 14. Bxc6 bxc6
15. Bf4 f6 16. e6 Bxe6 17. Qxc6 Rfe8 18. Nd2 Rac8 19. Qa6 Qd7 20. Ne4 Rc6 21.
Qa5 Bd5 22. Nxc5 Rxe1+ 23. Rxe1 Qf5 24. Qd8+ Bf8 25. Nd7 1-0

[Event "European Rapid 2022"]
[Site "Katowice POL"]
[Date "2022.12.17"]
[Round "4.15"]
[White "Uruci, Endrit"]
[Black "Tregubov, Pavel V."]
[Result "0-1"]
[WhiteTitle "FM"]
[BlackTitle "GM"]
[WhiteElo "2297"]
[BlackElo "2553"]
[WhiteFideId "22100199"]
[BlackFideId "4115341"]
[EventDate "2022.12.17"]

1. e4 e6 2. d4 d5 3. exd5 exd5 4. Bd3 Bd6 5. Ne2 Nf6 6. Bf4 O-O 7. O-O Nc6 8. c3
Ne7 9. Nd2 Ng6 10. Bxd6 Qxd6 11. Re1 Re8 12. Nf1 b6 13. Qc2 c5 14. Neg3 Bd7 15.
Ne3 c4 16. Bf1 Nh4 17. Ngf5 Nxf5 18. Nxf5 Qc7 19. g3 b5 20. Bg2 Be6 21. a4 Rab8
22. axb5 Rxb5 23. Ne3 Reb8 24. Ra2 Qb6 25. Re2 g6 26. f4 Ng4 27. Nxg4 Bxg4 28.
Re5 Be6 29. Qe2 Kg7 30. f5 Bxf5 31. Bxd5 Bd3 32. Qf3 Qc7 33. Qf2 a5 34. Qe3 Qd7
35. Be4 Rxe5 36. dxe5 Bxe4 37. Qxe4 Qd1+ 38. Kg2 Rd8 39. Qxc4 Rd2+ 40. Kh3 Qh5+
41. Qh4 Qf5+ 42. Qg4 Rxh2+ 43. Kxh2 Qxg4 44. Rxa5 Qe2+ 45. Kh3 Qxb2 46. Rc5 Qf2 0-1

[Event "European Rapid 2022"]
[Site "Katowice POL"]
[Date "2022.12.17"]
[Round "4.16"]
[White "Kjartansson, Gudmundur"]
[Black "Bartel, Mateusz"]
[Result "0-1"]
[WhiteTitle "GM"]
[BlackTitle "GM"]
[WhiteElo "2453"]
[BlackElo "2627"]
[WhiteFideId "2301318"]
[BlackFideId "1112635"]
[EventDate "2022.12.17"]

1. d4 d5 2. c4 c6 3. Nc3 Nf6 4. e3 Bf5 5. Qb3 Qb6 6. c5 Qc7 7. Nf3 Nbd7 8. g3 e5
9. Bg2 e4 10. Ng1 h5 11. h4 Ng4 12. Nxd5 cxd5 13. Qxd5 g6 14. Bxe4 Ndf6 15. Qxb7
Qa5+ 16. Bd2 Bxe4 17. c6 Qd8 18. f3 Rb8 19. Qa6 Qc7 20. fxe4 Qxg3+ 21. Kd1 Nf2+
22. Ke2 Nxh1 23. e5 Qg2+ 24. Kd3 Bb4 25. Bxb4 Nf2+ 26. Kc2 N2e4+ 27. Ne2 Nd5 28.
Bd2 O-O 29. Rg1 Qh3 30. c7 Rb6 31. Qc4 Qe6 32. Kb1 Nxd2+ 0-1

[Event "European Rapid 2022"]
[Site "Katowice POL"]
[Date "2022.12.17"]
[Round "4.17"]
[White "Yuffa, Daniil"]
[Black "Fus, Jakub"]
[Result "1-0"]
[WhiteTitle "GM"]
[BlackTitle "FM"]
[WhiteElo "2587"]
[BlackElo "2405"]
[WhiteFideId "24131423"]
[BlackFideId "1193023"]
[EventDate "2022.12.17"]

1. c4 Nf6 2. Nf3 e6 3. g3 b6 4. Bg2 Bb7 5. O-O c5 6. Nc3 Be7 7. d4 cxd4 8. Qxd4
d6 9. b3 Nbd7 10. Bb2 a6 11. Rfd1 Qc7 12. Nd2 Bxg2 13. Kxg2 O-O 14. Nde4 Rfd8
15. f3 Bf8 16. Nxf6+ Nxf6 17. e4 Qb7 18. a4 Nd7 19. Qe3 Nc5 20. b4 Nd7 21. Ne2
Rac8 22. Rac1 Ne5 23. Qb3 Rd7 24. Nf4 Ng6 25. Nh5 Rdc7 26. Ba1 Ne5 27. Qe3 Rxc4
28. Rxc4 Rxc4 29. Bxe5 dxe5 30. Qg5 Qe7 31. Qxe5 Rxb4 32. Rc1 Qd6 33. Qxd6 Bxd6
34. Rc8+ Bf8 35. Rb8 a5 36. Nf4 Rxa4 37. Rxb6 Ra2+ 38. Kh3 Ra3 39. Kg2 g6 40. h4
Bh6 41. Nh3 Be3 42. Rb8+ Kg7 43. f4 h6 44. g4 a4 45. Ra8 Bd4 46. g5 h5 47. f5
gxf5 48. exf5 Be5 49. f6+ Kg6 50. Nf2 Kf5 51. Ra5 Ra2 52. g6 Kxf6 53. Rxe5 fxg6
54. Ra5 e5 55. Kf3 Kf5 56. Nd3 Ra3 57. Rxe5+ Kf6 58. Rd5 Rc3 59. Ke3 a3 60. Ra5
Rc4 61. Nf4 Rc3+ 62. Kd4 Rg3 63. Ke4 Rg4 64. Ra6+ Kf7 65. Ke5 Rxh4 66. Ra7+ Ke8
67. Ke6 Kd8 68. Nd5 Rc4 69. Rd7+ Kc8 70. Nb6+ Kb8 71. Nxc4 1-0

[Event "European Rapid 2022"]
[Site "Katowice POL"]
[Date "2022.12.17"]
[Round "4.18"]
[White "Petrovskyi, Vadym"]
[Black "Vogel, Roven"]
[Result "1/2-1/2"]
[WhiteTitle "FM"]
[BlackTitle "IM"]
[WhiteElo "2402"]
[BlackElo "2463"]
[WhiteFideId "14165210"]
[BlackFideId "12908088"]
[EventDate "2022.12.17"]

1. e4 e5 2. Nc3 Nf6 3. Bc4 Bc5 4. d3 c6 5. Nf3 d6 6. Bg5 Bg4 7. h3 Bh5 8. g4 Bg6
9. Qe2 Nbd7 10. Nh4 Qc7 11. Nf5 Bxf5 12. gxf5 b5 13. Bb3 Bd4 14. Rg1 Nc5 15. Bh4
Qa5 16. O-O-O b4 17. Nb1 Nxb3+ 18. axb3 Qa2 19. Rxg7 Qxb2+ 20. Kd2 Nd7 21. Rxf7
Bc3+ 22. Nxc3 Qxc3+ 23. Ke3 Qd4+ 24. Kd2 Qc3+ 1/2-1/2

[Event "European Rapid 2022"]
[Site "Katowice POL"]
[Date "2022.12.17"]
[Round "4.19"]
[White "Moroni, Luca Jr"]
[Black "Maltsevskaya, Aleksandra"]
[Result "1-0"]
[WhiteTitle "GM"]
[BlackTitle "IM"]
[WhiteElo "2576"]
[BlackElo "2400"]
[WhiteFideId "865834"]
[BlackFideId "24174041"]
[EventDate "2022.12.17"]

1. d4 d5 2. Nf3 c5 3. c4 e6 4. cxd5 exd5 5. g3 Nc6 6. Bg2 cxd4 7. Nxd4 Bc5 8.
Nxc6 bxc6 9. O-O Ne7 10. b3 O-O 11. Bb2 a5 12. Nc3 Ba6 13. Rc1 Ba7 14. Na4 Re8
15. Re1 Qd6 16. Qd2 Ng6 17. Qxa5 Bxe2 18. Nb6 Bxb6 19. Qxb6 Rxa2 20. Rxc6 Qf8
21. Qd4 Ne5 22. Rc2 Bd3 23. Rxe5 Rxe5 24. Qxd3 Re1+ 25. Bf1 Qa8 26. Qc3 1-0

[Event "European Rapid 2022"]
[Site "Katowice POL"]
[Date "2022.12.17"]
[Round "4.20"]
[White "Sahidi, Samir"]
[Black "Seemann, Jakub"]
[Result "1-0"]
[WhiteTitle "IM"]
[BlackTitle "FM"]
[WhiteElo "2494"]
[BlackElo "2365"]
[WhiteFideId "14936372"]
[BlackFideId "21874697"]
[EventDate "2022.12.17"]

1. d4 Nf6 2. c4 e6 3. Nf3 d5 4. Bg5 dxc4 5. Qa4+ Nbd7 6. Qxc4 h6 7. Bh4 c5 8.
Nc3 Be7 9. dxc5 Bxc5 10. e3 O-O 11. Bd3 Be7 12. O-O b6 13. Bxf6 Bxf6 14. Qe4 g6
15. Qxa8 Nc5 16. Be2 Bxc3 17. Qxa7 Ba5 18. Rab1 Ne4 19. Rfd1 Qf6 20. Bd3 Nc5 21.
b4 Bxb4 22. Rxb4 Nxd3 23. Rd4 Nb2 24. Rb1 e5 25. Nxe5 Qxe5 26. Rxb2 Qc5 27. Rd1
Bg4 28. Rf1 Qg5 29. Qb7 Rd8 30. Rxb6 Be2 31. Re1 Qa5 32. Rbb1 Bc4 33. Qb6 Qg5
34. a4 Rd2 35. Qb8+ Kh7 36. Qf4 Qd5 37. Ra1 g5 38. Qf3 Qe5 39. a5 Kg7 40. a6 Bd5
41. Qg3 Qe4 42. a7 Ba8 43. h4 Rd6 44. Red1 Rg6 45. Rd4 Qc6 46. h5 Re6 47. Rad1
Qc5 48. Rd7 Rf6 49. R7d6 Rf5 50. Rd7 Qc6 51. Rc7 Qe4 52. Rc8 Ra5 53. Rdd8 Rxa7
54. Rg8+ Kh7 55. Rh8+ Kg7 56. Rcg8+ Kf6 57. Rxh6+ Kf5 58. Rxg5# 1-0

[Event "European Rapid 2022"]
[Site "Katowice POL"]
[Date "2022.12.17"]
[Round "4.21"]
[White "Baum, Jonasz"]
[Black "Laurusas, Tomas"]
[Result "0-1"]
[WhiteTitle "IM"]
[BlackTitle "GM"]
[WhiteElo "2420"]
[BlackElo "2567"]
[WhiteFideId "1195360"]
[BlackFideId "12803731"]
[EventDate "2022.12.17"]

1. d4 Nf6 2. c4 c6 3. Nf3 d5 4. Nc3 dxc4 5. a4 Bf5 6. e3 e6 7. Bxc4 Bb4 8. O-O
O-O 9. Qe2 Bg6 10. Ne5 Nbd7 11. Nxg6 hxg6 12. Rd1 Qc7 13. g3 Rad8 14. Qc2 a5 15.
Na2 Be7 16. Nc3 Qb6 17. e4 e5 18. d5 Bc5 19. dxc6 bxc6 20. Bg5 Bd4 21. Qe2 Rb8
22. Rd2 Qb4 23. Ra3 Qc5 24. Ba2 Rxb2 25. Rxb2 Qxa3 26. Rb3 Qc5 27. Nd1 Nh7 28.
Be3 Bxe3 29. Nxe3 Ng5 30. Qg4 Ne6 31. Rb7 Nf6 32. Qe2 Nd4 33. Qc4 Nxe4 34. Rxf7
Qxc4 35. Rxf8+ Kxf8 36. Bxc4 Nc3 37. Ng4 e4 38. Kg2 Nxa4 39. Ne5 g5 40. h4 gxh4
41. gxh4 Nc3 42. Kg3 Ke7 43. Kf4 Kd6 44. Bg8 a4 45. Nc4+ Kc5 46. Nd2 Nd5+ 47.
Kg5 a3 48. Nxe4+ Kb4 0-1

[Event "European Rapid 2022"]
[Site "Katowice POL"]
[Date "2022.12.17"]
[Round "4.22"]
[White "Stefansson, Hannes"]
[Black "Mitusov, Semen"]
[Result "1-0"]
[WhiteTitle "GM"]
[BlackTitle "IM"]
[WhiteElo "2526"]
[BlackElo "2397"]
[WhiteFideId "2300087"]
[BlackFideId "14151049"]
[EventDate "2022.12.17"]

1. e4 e5 2. Nf3 Nc6 3. Bb5 a6 4. Ba4 Nf6 5. O-O Be7 6. Re1 b5 7. Bb3 O-O 8. a4
b4 9. d4 d6 10. dxe5 Nxe5 11. Nxe5 dxe5 12. Qe2 Qe8 13. Bg5 Qc6 14. Bd5 Nxd5 15.
exd5 Qc5 16. Bxe7 Qxe7 17. Qxe5 Qc5 18. c3 Bd7 19. cxb4 Qxb4 20. Nc3 Rac8 21.
Qe2 a5 22. Qd2 Rb8 23. Re2 h6 24. Rae1 Rfd8 25. h3 Bf5 26. Re5 Bg6 27. R1e2 c6
28. Qd1 Kh8 29. Rd2 cxd5 30. Nxd5 Qd6 31. Ree2 Bh5 32. g4 Bg6 33. Ne7 Qb6 34.
Nxg6+ fxg6 35. Rxd8+ Rxd8 36. Rd2 Re8 37. b3 Qb4 38. Kg2 Rf8 39. Rd8 Rxd8 40.
Qxd8+ Kh7 41. Qd3 Qb7+ 42. Qf3 Qd7 43. h4 Qd2 44. Qe4 Kh8 45. Qxg6 Qd5+ 46. f3
Qd2+ 47. Kh3 Qe3 48. Qe4 Qxb3 49. g5 hxg5 50. hxg5 Kg8 51. Kg4 Qc3 52. Qe6+ Kh7
53. Qf5+ Kg8 54. g6 Qd4+ 55. Kh3 Qc4 56. Qe4 Qc8+ 57. Kg2 Qd8 58. Qe6+ Kh8 59.
Qh3+ 1-0